000 01825 a2200217 4500
001 29275
005 20260407155601.0
008 260407a1975 arg spa d
003 AR-UNSa-BCEJYS
040 _aAR-UNSa-BCEJYS
_bspa
_cAR-UNSa-BCEJYS
080 _a336.2
_xIngresos públicos (Derecho tributario)
245 1 0 _aCurso de finanzas, derecho financiero y tributario
250 _a2a. ed.
264 1 _aBuenos Aires :
_bDepalma
_c1975
300 _axxii, 691 p.
_c22 cm.
505 _a1. Ciencia de las finanzas y actividad financiera - 2. Los gastos públicos - 3. Los recursos del Estado - 4. Los tributos. El impuesto - 5. Los tributos (cont.). Las tasas. Las contribuciones especiales. Las contribuciones parafiscales - 6. Derecho financiero y derecho tributario - 7. Interpretación y aplicación de la Ley tributaria - 8. Derecho constitucional tributario - 9. Derecho tributario material - 10. Derecho tributario formal - 11. Derecho procesal tributario - 12. Derecho penal tributario - 13. Derecho internacional tributario - 14. Sistema tributario - 15. Impuesto a la renta - 16. Impuesto al patrimonio - 17. Impuesto al enrequecimiento patrimonial a título gratuito - 18. Impuesto inmobiliario - 19. Impuesto a la renta normal potencial de la tierra - 20. Impuestos a la circulación. Impuesto de sellos. Régimen de emisión y registro de documentos. Impuesto de justicia - 21. Impuesto al valor agregado - 22. Impuesto al ejercicio de actividades con fines de lucro. Impuesto a la educación técnica - 23. Impuestos aduaneros - 24. Impuestos internos. El impuestos al gasto - 25. El crédito público - 26. El presupuesto - 27. Política financiera y política fiscal o tributaria
041 _aspa
942 _cBK
590 _aniveau_biblio:m niveau_hierar:0
100 1 _aVillegas, Héctor Belisario
999 _c1827
_d1827